Central Library OPAC University of Rajshahi

লোককথার অন্তর্লোক / (Record no. 52424)

MARC details
000 -LEADER
fixed length control field 01023nam a2200253 a 4500
001 - CONTROL NUMBER
control field 52424
003 - CONTROL NUMBER IDENTIFIER
rucl marc code BD-RjUL
005 - DATE AND TIME OF LATEST TRANSACTION
control field 20211209075813.0
008 - FIXED-LENGTH DATA ELEMENTS--GENERAL INFORMATION
fixed length control field 160920s2000 ii ||||| |||| 00| 0 ben d
020 ## - INTERNATIONAL STANDARD BOOK NUMBER
Terms of availability : Tk. 50.00
035 ## - SYSTEM CONTROL NUMBER
System control number (BD-RjUL)52544
040 ## - CATALOGING SOURCE
Original cataloging agency BD-RjUL
Language of cataloging ben
Transcribing agency BD-RjUL
041 ## - LANGUAGE CODE
Language code of text/sound track or separate title ben
082 ## - DEWEY DECIMAL CLASSIFICATION NUMBER
Edition number 23
Classification number 398.2
Author mark and year SEL 2000
100 1# - MAIN ENTRY--PERSONAL NAME
Personal name সেনগুপ্ত, পল্লব
9 (RLIN) 123262
245 10 - TITLE STATEMENT
Title লোককথার অন্তর্লোক /
Statement of responsibility, etc. পল্লব সেনগুপ্ত,
260 ## - PUBLICATION, DISTRIBUTION, ETC. (IMPRINT)
Place of publication, distribution, etc. কলকাতা :
Name of publisher, distributor, etc. পুস্তক বিপণি,
Date of publication, distribution, etc. ২০০০
300 ## - PHYSICAL DESCRIPTION
Pagination ১০১ পৃ. :
Illustrations চিত্র ;
Size ১৬ সেমি.
490 ## - SERIES STATEMENT
Series statement লোকসংস্কৃতি গবেষণা গ্রন্থমালা ;
Volume/sequential designation ১০
650 ## - SUBJECT ADDED ENTRY--TOPICAL TERM
Topical term or geographic name as entry element লোকসাহিত্য
9 (RLIN) 156833
Topical term or geographic name as entry element Folk literature
9 (RLIN) 156834
830 ## - SERIES ADDED ENTRY--UNIFORM TITLE
Uniform title লোকসংস্কৃতি গবেষণা গ্রন্থমালা ;
Volume number/sequential designation ১০
942 ## - ADDED ENTRY ELEMENTS (KOHA)
Source of classification or shelving scheme Dewey Decimal Classification
Koha item type Books
Holdings
Lost status Source of classification or shelving scheme Damaged status Not for loan Collection code Permanent Location Current Location Shelving location Date acquired Source of acquisition Cost, normal purchase price Total Checkouts Full call number Date last seen Copy number Koha item type
  Dewey Decimal Classification     Non-fiction Central Library, University of Rajshahi Central Library, University of Rajshahi   17/01/2008 Paragon Enterprise Lit., Dhaka 50.00   B 398.2 SEL 2000 20/09/2016 C-2 Books
  Dewey Decimal Classification     Non-fiction Central Library, University of Rajshahi Central Library, University of Rajshahi   17/01/2008 Paragon Enterprise ., Dhaka 50.00   B 398.2 SEL 2000 03/10/2016 C-3 Books
  Dewey Decimal Classification     Non-fiction Central Library, University of Rajshahi Central Library, University of Rajshahi   17/01/2008 Paragon Enterprise Ltd.Dhaka. 50.00   B 398.2 SEL 2000 15/11/2016 C-4 Books
  Dewey Decimal Classification   Not For Loan Non-fiction Central Library, University of Rajshahi Central Library, University of Rajshahi Reading Room 17/01/2008 Paragon Enterprises Dhaka 50.00   B 398.2 SEL 2000 29/01/2017 C-1 Books